00456nam a22001457a 4500003000500000038001800005082000800023100001500031245009600046264003300142300002400175650001700199700003700216856005700253NUST aNusrat Nadeem a200 aAsif, Ezza aUnderstanding the Complexities of Child Undernutrition: A Multilevel Analysis/cEzza Asif,  aIslamabad,bS3H NUST,c2023. aill:b93,p:c30,cm. aMS-Economics aSupervisor: Dr. Tanweer Ul Islam uhttp://10.250.8.41:8080/xmlui/handle/123456789/41440